000 00297nam a22001337a 4500
008 170320b xxu||||| |||| 00| 0 eng d
020 _a9780683183474
041 _aeng
080 _a616.8
100 _a7
101 _aSHM
245 _aTHE SEARCH FOR MENTAL HEALTH
_cBRODY, E.B
942 _2udc
_cBK
999 _c8097
_d8097